000 00539nam a2200193Ia 4500
003 IN-BaIIA
008 211028s9999 xx 000 0 eng d
020 _a0-12-763450-9
040 _cIIA Library
080 _a539.2
_bWOO
100 _aWooten, Frederick
_97733
245 0 _aOptical properties of solids
_cFrederick Wooten
260 _aNew York
_bAcademic Press
_c1972
300 _axii, 260p.
650 _aAstronomy and astrophysics thesaurus
650 _aDielectric function
_97734
650 _aSolid state physics
942 _cBK
999 _c4427
_d4427